| 000 | 00697nam a2200193 a 4500 | ||
|---|---|---|---|
| 005 | 20210223130523.0 | ||
| 008 | 080618s1984 mx r 000 0 spa d | ||
| 035 | _aUPN01000157099 | ||
| 049 | _aUNE | ||
| 080 | _aOC 058.7: 002.6: 378.4 (7/8) DIR. | ||
| 245 | 0 | 0 | _aDirectorio de centros de investigación y unidades de información sobre educación superior en América Latina y el Caribe. |
| 260 |
_aCaracas : _bCRESALC, _c1984. |
||
| 300 | _a125 p. | ||
| 690 | _aEnseñanza superior | ||
| 690 | _aCentros de investigación | ||
| 690 |
_aCentros de documentación _99600 |
||
| 710 | 2 |
_aCRESALC. _bCentro Regional para la Educación Superior en América Latina y el Caribe |
|
| 905 | _aUNESCO | ||
| 999 |
_c129213 _d129213 |
||